| 000 | 00616nam a2200205 u 4500 | ||
|---|---|---|---|
| 005 | 20240228064106.0 | ||
| 008 | 121031s1988 r 000 0 eng d | ||
| 020 | _a8484881113 | ||
| 035 | _aUPN01000188115 | ||
| 049 | _aI | ||
| 050 | 4 |
_aPZ75 _bCH5.76 |
|
| 100 | 1 |
_aChild, Lauren, _d1967- _933864 |
|
| 245 | 1 | 0 |
_aSoy demasiado pequeña para ir al colegio / _cLauren Child. |
| 260 |
_aBarcelona, Esp. : _bSerres, _c1988. |
||
| 300 |
_a32 p. : _bprincipalmente il. col. |
||
| 650 | 0 |
_aLiteratura infantil inglesa _911046 |
|
| 650 | 4 |
_aLibros y lectura para niños _92290 |
|
| 905 | _aInfantil | ||
| 999 |
_c160218 _d160218 |
||